01595nam a2200397 i 4500001000700000003000800007005001700015006001900032007001500051008004100066020002700107020002800134035002200162040003100184050002200215080001200237082001600249100002800265245014700293264005500440300004100495336003100536337003300567338004300600490005800643500002200701588008300723590016200806650002800968650001800996655002701014797001801041830005601059856006301115999001901178116229FINmELB20241217174755.0m o d | cr cnu||||||||230214s2022 ag o 001 0 spa d a9789878461625q(print) a9789878461632q(e-book) a(OCoLC)1370946831 aFINmELBbspaerdacFINmELB 4aQA11.2bC873 2022 a373.5:504a510.7122231 aCovelo, Laura,eautora.10aAbrir en caso de emergencia :bpropuestas y actividades inspiradoras para volver a pensar la enseñanza de las matemáticas /cLaura Covelo. 1aItuzaingó, Argentina :bEditorial Maipue,c2022. a1 recurso en línea (121 páginas) atextobtxt2rdacontent/spa acomputadorabc2rdamedia/spa arecurso en líneabcr2rdacarrier/spa1 aEl Hombre es Tierra que Anda : Educación Secundaria aIncluye índice. aDescripción basada en metadatos suministrados por el editor y otras fuentes. aRecurso electrónico. Santa Fe, Arg.: elibro, 2023. Disponible vía World Wide Web. El acceso puede estar limitado para las bibliotecas afiliadas a elibro. 4aEducación Secundaria. 4aMatemática. 4aLibros electrónicos.2 aelibro, Corp. 0aHombre es Tierra que Anda : Educación Secundaria.40uhttps://elibro.net/ereader/politecnicointernacional/224511 c116229d116229